<?xml version="1.0" encoding="UTF-8"?>
<record
    xmlns:xsi="http://www.w3.org/2001/XMLSchema-instance"
    xsi:schemaLocation="http://www.loc.gov/MARC21/slim http://www.loc.gov/standards/marcxml/schema/MARC21slim.xsd"
    xmlns="http://www.loc.gov/MARC21/slim">

  <leader>00952nam a2200241 a 4500</leader>
  <controlfield tag="001">64834</controlfield>
  <controlfield tag="003">BD-RjUL</controlfield>
  <controlfield tag="005">20211209081344.0</controlfield>
  <controlfield tag="008">170223s1968    bg ||||| |||| 00| 0 ben d</controlfield>
  <datafield tag="020" ind1=" " ind2=" ">
    <subfield code="c">: TK 18.00 </subfield>
  </datafield>
  <datafield tag="035" ind1=" " ind2=" ">
    <subfield code="a">(BD-RjUL)64964</subfield>
  </datafield>
  <datafield tag="040" ind1=" " ind2=" ">
    <subfield code="a">BD-RjUL</subfield>
    <subfield code="b">ben </subfield>
    <subfield code="c">BD-RjUL</subfield>
  </datafield>
  <datafield tag="041" ind1=" " ind2=" ">
    <subfield code="a">ben </subfield>
  </datafield>
  <datafield tag="082" ind1=" " ind2=" ">
    <subfield code="2">23 </subfield>
    <subfield code="a">891.4408 </subfield>
    <subfield code="b">DIN 1968 </subfield>
  </datafield>
  <datafield tag="100" ind1=" " ind2=" ">
    <subfield code="a">&#x9A6;&#x9C0;&#x9A8;&#x9AC;&#x9A8;&#x9CD;&#x9A7;&#x9C1;</subfield>
    <subfield code="9">179862</subfield>
  </datafield>
  <datafield tag="245" ind1="1" ind2="0">
    <subfield code="a">&#x9A6;&#x9C0;&#x9A8;&#x9AC;&#x9A8;&#x9CD;&#x9A7;&#x9C1; - &#x9B0;&#x99A;&#x9A8;&#x9BE;&#x9B8;&#x982;&#x997;&#x9CD;&#x9B0;&#x9B9; / </subfield>
    <subfield code="c">&#x9AE;&#x9C1;&#x9B9;&#x9AE;&#x9CD;&#x9AE;&#x9A6; &#x986;&#x9AC;&#x9A6;&#x9C1;&#x9B2; &#x9B9;&#x9BE;&#x987; &#x9B8;&#x9AE;&#x9CD;&#x9AA;&#x9BE;&#x9A6;&#x9BF;&#x9A4;</subfield>
  </datafield>
  <datafield tag="260" ind1=" " ind2=" ">
    <subfield code="a">&#x9A2;&#x9BE;&#x995;&#x9BE; :</subfield>
    <subfield code="b">&#x9B7;&#x9CD;&#x99F;&#x9C1;&#x9A1;&#x9C7;&#x9A8;&#x9CD;&#x99F; &#x993;&#x9AF;&#x9BC;&#x9C7;&#x99C;, </subfield>
    <subfield code="c">&#x9E7;&#x9EF;&#x9EC;&#x9EE; </subfield>
  </datafield>
  <datafield tag="300" ind1=" " ind2=" ">
    <subfield code="a">&#x9EB;&#x9EF;&#x9E6; &#x9AA;&#x9C3;. ; </subfield>
    <subfield code="c">&#x9E8;&#x9E7; &#x9B8;&#x9C7;&#x9AE;&#x9BF;. </subfield>
  </datafield>
  <datafield tag="650" ind1=" " ind2=" ">
    <subfield code="a">&#x9AC;&#x9BE;&#x982;&#x9B2;&#x9BE; &#x9B8;&#x9BE;&#x9B9;&#x9BF;&#x9A4;&#x9CD;&#x9AF; </subfield>
    <subfield code="x">&#x9B8;&#x982;&#x997;&#x9CD;&#x9B0;&#x9B9; </subfield>
    <subfield code="9">122902</subfield>
  </datafield>
  <datafield tag="650" ind1=" " ind2=" ">
    <subfield code="a">Bengali Literature </subfield>
    <subfield code="x">Collections </subfield>
    <subfield code="9">136141</subfield>
  </datafield>
  <datafield tag="700" ind1=" " ind2=" ">
    <subfield code="a">&#x9B9;&#x9BE;&#x987;, &#x9AE;&#x9C1;&#x9B9;&#x9AE;&#x9CD;&#x9AE;&#x9A6; &#x986;&#x9AC;&#x9A6;&#x9C1;&#x9B2;, &#x9B8;&#x9AE;&#x9CD;&#x9AA;&#x9BE;&#x9A6;&#x995; </subfield>
    <subfield code="9">126204</subfield>
  </datafield>
  <datafield tag="942" ind1=" " ind2=" ">
    <subfield code="2">ddc</subfield>
    <subfield code="c">BK</subfield>
  </datafield>
  <datafield tag="999" ind1=" " ind2=" ">
    <subfield code="c">64834</subfield>
    <subfield code="d">64834</subfield>
  </datafield>
  <datafield tag="952" ind1=" " ind2=" ">
    <subfield code="0">0</subfield>
    <subfield code="1">0</subfield>
    <subfield code="2">ddc</subfield>
    <subfield code="4">0</subfield>
    <subfield code="7">1</subfield>
    <subfield code="8">NFIC</subfield>
    <subfield code="a">RUCL</subfield>
    <subfield code="b">RUCL</subfield>
    <subfield code="c">Reading</subfield>
    <subfield code="d">1990-12-13</subfield>
    <subfield code="e">Sowkot osman </subfield>
    <subfield code="g">18.00</subfield>
    <subfield code="l">0</subfield>
    <subfield code="o">B 891.4408  DIN 1968</subfield>
    <subfield code="r">2017-02-23 00:00:00</subfield>
    <subfield code="t">C-1</subfield>
    <subfield code="w">2017-02-23</subfield>
    <subfield code="y">BK</subfield>
  </datafield>
</record>
